| 000 | 01106cam a2200301 4500 | ||
|---|---|---|---|
| 001 | 20606 | ||
| 005 | 20230410120801.0 | ||
| 008 | 060907s1993 nyu eng | ||
| 035 | _9funglode20758 | ||
| 010 | _a 93005207 | ||
| 035 | _a(OCoLC)ocm28337965 | ||
| 020 |
_a0671786571 : _c$20.00 ($27.50 Can.) |
||
| 020 | _a9780671786571 | ||
| 035 | _a(OCoLC)28337965 | ||
| 043 | _an-us--- | ||
| 050 | 1 | 4 |
_aHV 8144 _bK42f 1993 |
| 082 | 0 | 0 | _a353.0074 |
| 100 | 1 |
_aKessler, Ronald, _d1943- |
|
| 245 | 1 | 4 |
_aThe FBI : _binside the world's most powerful law enforcement agency / _cRonald Kessler. |
| 260 |
_aNew York : _bPocket Books, _cc1993. |
||
| 300 |
_axviii, 492 p. : _bill., map ; _c25 cm. |
||
| 504 | _aIncludes bibliographical references (p. 467-468) and index. | ||
| 610 | 1 | 0 |
_aUnited States. _bFederal Bureau of Investigation. |
| 776 | 0 | 8 |
_iOnline version: _aKessler, Ronald, 1943- _tFBI. _dNew York : Pocket Books, c1993 _w(OCoLC)609099848 |
| 776 | 0 | 8 |
_iOnline version: _aKessler, Ronald, 1943- _tFBI. _dNew York : Pocket Books, c1993 _w(OCoLC)624373229 |
| 942 |
_2lcc _cbk |
||
| 994 |
_aC0 _bDRFGD |
||
| 999 |
_c51795 _d51795 |
||